00946nam a2200277Ia 450000500170000000800410001702000180005802000150007608200150009110000170010624500990012325000180022230000480024053400230028865000490031165000340036065000320039465000450042670000170047170000270048826400300051533600270054533700330057233800280060504000350063320220317001320.0161108s1989 sp a g 000 0 spa  a9788426124005 a842612400304a686 bA43c1 aAlikid1929-10aCómo se hace un librocescrito e ilustrado por Aliki ; traducción de Concepción Zendrera a3a. edición a32 páginasbilustraciones en colorc26 cm tHow a book is made142LEMBaIlustraciones de libros xEnseñanza 142LEMBaImprenta xEnseñanza 142LEMBaEditores financieros 142LEMBaIndustria del libro xEnseñanza 1 aAlikid1929-1 aZendrera, Concepción aBarcelonabJuventudc1989 atextobtxt2rdacontent asin mediaciónbn2rdamedia avolumenbnc2rdacarrier aCO-BoRNBPbspaerdacCO-BoRNBP